00878nam a22002657a 450000500170000001000130001702000100003003500130004003700160005304000120006908200180008110000250009924500580012424600420018226000460022427000290027030000200029965000310031965000360035065000280038665000260041494200270044099900190046795201260048620170123162325.0 aA-905756 c50.00 aA-905756 bCen Lib/Ret aDPLbUR aکbر ا م  aرام پال 9656 aاپنے مہن میان مٹھو /cرام پال  aApne munh miyan mithoo /bby Ram Pal  aنیی دہلی bاردو اکادمی  bنیی دہلی e110002 a176p.c21cm(Hb) aاردو ادب 9139983 aاردو افسانے 9139984 aUrdu Literature9139985 aUrdu stories 9139986 2ddccURhکmر ا م  c107392d107392 00104070aLbLd2016-01-07eCen Lib/Retg50.00l0oک ر ا مpA-905756r2016-01-07 00:00:00t1v50.00w2016-01-07yUR